000 00300nam a22001337a 4500
008 181018b xxu||||| |||| 00| 0 eng d
020 _a9781453319437
041 _aeng
080 _a331.101
100 _a52
101 _aBNJ
245 _aHuman Resource Management
_cLaura.d.p
942 _2udc
_cBK
999 _c50098
_d50098